|
|
|
|
| LEADER |
01224nam a22003134a 4500 |
| 001 |
5332 |
| 003 |
BD-DhAAL |
| 005 |
20150825142521.0 |
| 008 |
150825s2003 nyua b 001 0 eng |
| 010 |
|
|
|a 2002033221
|
| 020 |
|
|
|a 0553381059
|
| 020 |
|
|
|a 0553801716
|
| 040 |
|
|
|a DLC
|c DLC
|d DLC
|d BD-DhAAL
|
| 050 |
0 |
0 |
|a BL65.E46
|b G65 2003
|
| 082 |
0 |
0 |
|a 294.3/375
|2 21
|
| 100 |
1 |
|
|a Goleman, Daniel.
|9 12930
|
| 245 |
1 |
0 |
|a Destructive emotions :
|b how can we overcome them? : a scientific dialogue with the Dalai Lama /
|c narrated by Daniel Goleman ; with contributions by Richard J. Davidson ... [et al.].
|
| 260 |
|
|
|a New York :
|b Bantam Books,
|c c2003.
|
| 300 |
|
|
|a xxiii, 424 p. :
|b ill. ;
|c 24 cm.
|
| 504 |
|
|
|a Includes bibliographical references and index.
|
| 541 |
|
|
|e 5332
|
| 650 |
|
0 |
|a Emotions
|x Religious aspects.
|9 14059
|
| 650 |
|
0 |
|a Mental Health
|x Religious aspects.
|9 14060
|
| 650 |
|
0 |
|a Emotions and cognition.
|9 12931
|
| 650 |
|
0 |
|a Spiritual life.
|9 14061
|
| 650 |
|
0 |
|a Psychology and religion.
|9 14062
|
| 942 |
|
|
|2 ddc
|c BK
|
| 999 |
|
|
|c 35324
|d 35324
|
| 952 |
|
|
|0 0
|1 0
|2 ddc
|4 0
|6 294_337500000000000_GOL
|7 0
|9 55523
|a SCL
|b SCL
|c GEN
|d 2015-08-25
|g 609.00
|l 2
|m 7
|o 294.3375 GOL
|p 3020005332
|r 2025-05-03
|s 2025-04-18
|t 1
|w 2015-08-25
|y BK
|